| 000 | 01518nam a22002297a 4500 | ||
|---|---|---|---|
| 999 |
_c18545 _d18545 |
||
| 005 | 20251125232907.0 | ||
| 008 | s2543 th tha d | ||
| 040 | _aNALT | ||
| 041 | _atha | ||
| 245 | 1 | 0 | _aระเบียบสำนักนายกรัฐมนตรีว่าด้วยการจัดสวัสดิการภายในส่วนราชกา พ.ศ.2530 : พร้อมคำอธิบายและคำถาม - คำตอบ ฉบับแก้ไขปรับปรุง พ.ศ. 2543 |
| 260 | 3 |
_aกรุงเทพฯ : _bศูนย์ประสานการจัดสวัสดิการข้าราชการ สำนักงานคณะกรรมการข้าราชการ, _c2543 |
|
| 300 |
_a84 หน้า ; _b 21 ซม. |
||
| 650 | 0 | 4 | _aข้าราชการพลเรือน -- สวัสดิการ |
| 650 | 0 | 4 | _aสวัสดิการข้าราชการ |
| 650 | 0 | 4 | _aสวัสดิการภายในส่วนราชการ (ระเบียบ) -- 2530 |
| 650 | 0 | 4 | _aสวัสดิการภายในส่วนราชการ (ระเบียบ) -- ฉบับแก้ไขปรับปรุง -- 2543 |
| 850 | _aNALT | ||
| 856 | 4 | 0 |
_uhttps://hdl.handle.net/20.500.14156/460911 _71 |
| 942 |
_cLB _2lcc |
||
| 998 |
_j25 _k นีลวัสน์ อินทรักษา |
||
| 090 | _aKE60.3 ค122ร 2543 | ||